[Event "163 Stay Safe Play From Home"]
[Site "T#646248Emanuel Laske"]
[Date "2020.05.22"]
[Round "6"]
[White "Aktürk"]
[Black "Frido-BBB"]
[Result "1-0"]
[WhiteElo "1431"]
[BlackElo "1668"]
[Annotator "NA RC"]
[PlyCount "83"]
[EventDate "2020.05.22"]
[EventType "swiss (blitz)"]

1. e3 {[%emt 0:00:02]} e5 {[%emt 0:00:01]} 2. Qf3 {[%emt 0:00:00]} Nc6 {[%emt 0:00:02]} 3. Bc4 {[%emt 0:00:01]} Nf6 {[%emt 0:00:02]} 4. Nc3 {[%emt 0:00:01]} d5 {[%emt 0:00:02]} 5. Nxd5 {[%emt 0:00:02]} Be6 {[%emt 0:00:01]} 6. Nxf6+ {[%emt 0:00:02]} gxf6 {[%emt 0:00:01]} 7. Bxe6 {[%emt 0:00:01]} fxe6 {[%emt 0:00:01]} 8. Ne2 {[%emt 0:00:01]} Bg7 {[%emt 0:00:03]} 9. Nc3 {[%emt 0:00:01]} Qd6 {[%emt 0:00:02]} 10. Nb5 {[%emt 0:00:02]} Qb4 {[%emt 0:00:03]} 11. Nxc7+ {[%emt 0:00:02]} Kf7 {[%emt 0:00:00]} 12. Nxa8 {[%emt 0:00:02]} Rxa8 {[%emt 0:00:00]} 13. Qh5+ {[%emt 0:00:01]} Kg8 {[%emt 0:00:02]} 14. Qf3 {[%emt 0:00:02]} f5 {[%emt 0:00:02]} 15. b3 {[%emt 0:00:01]} e4 {[%emt 0:00:01]} 16. c3 {[%emt 0:00:03]} Qd6 {[%emt 0:00:02]} 17. Qg3 {[%emt 0:00:02]} Ne5 {[%emt 0:00:01]} 18. Bb2 {[%emt 0:00:03]} Kh8 {[%emt 0:00:01]} 19. Kf1 {[%emt 0:00:01]} Rg8 {[%emt 0:00:01]} 20. a3 {[%emt 0:00:02]} Nd3 {[%emt 0:00:01]} 21. Qh3 {[%emt 0:00:02]} Nxb2 {[%emt 0:00:02]} 22. Rd1 {[%emt 0:00:02]} Nd3 {[%emt 0:00:01]} 23. c4 {[%emt 0:00:02]} f4 {[%emt 0:00:01]} 24. exf4 {[%emt 0:00:01]} Qxf4 {[%emt 0:00:01]} 25. Qe3 {[%emt 0:00:02]} Qxe3 {[%emt 0:00:01]} 26. fxe3 {[%emt 0:00:01]} Rf8+ {[%emt 0:00:01]} 27. Ke2 {[%emt 0:00:01]} Bh6 {[%emt 0:00:02]} 28. Rhf1 {[%emt 0:00:01]} Rxf1 {[%emt 0:00:01]} 29. Rxf1 {[%emt 0:00:02]} Bg7 {[%emt 0:00:03]} 30. Rf7 {[%emt 0:00:01]} b6 {[%emt 0:00:03]} 31. Rxa7 {[%emt 0:00:01]} Nc1+ {[%emt 0:00:00]} 32. Kd1 {[%emt 0:00:02]} Nxb3 {[%emt 0:00:02]} 33. Kc2 {[%emt 0:00:00]} Nc5 {[%emt 0:00:01]} 34. Rc7 {[%emt 0:00:02]} Kg8 {[%emt 0:00:02]} 35. Rc6 {[%emt 0:00:01]} Be5 {[%emt 0:00:03]} 36. Rxb6 {[%emt 0:00:00]} Na4 {[%emt 0:00:01]} 37. Rb8+ {[%emt 0:00:01]} Kf7 {[%emt 0:00:01]} 38. Ra8 {[%emt 0:00:01]} Kf6 {[%emt 0:00:00]} 39. Rxa4 {[%emt 0:00:01]} Bxh2 {[%emt 0:00:02]} 40. Ra6 {[%emt 0:00:00]} Be5 {[%emt 0:00:03]} 41. Rxe6+ {[%emt 0:00:00]} Kxe6 {[%emt 0:00:01]} 42. a4 {[%emt 0:00:00] Zeit} 1-0